[Event "Corsica-chT"]
[Site "Ponte Leccia"]
[Date "2010.03.28"]
[Round "2"]
[White "Geronimi, Didier"]
[Black "Riedweg, Laetitia"]
[Result "1-0"]
[WhiteElo "1704"]
[BlackElo "1499"]
[PlyCount "55"]
[EventDate "2010.03.28"]
[EventType "team-tourn"]
[EventRounds "9"]
[EventCountry "FRA"]
[SourceTitle "EXT 2012"]
[Source "ChessBase"]
[SourceDate "2011.11.24"]
[SourceVersion "1"]
[SourceVersionDate "2011.11.24"]
[SourceQuality "1"]

1. e4 e5 2. Bc4 Nf6 3. d4 Nc6 4. dxe5 Nxe5 5. Bb3 Nxe4 6. Qd5 Bb4+ 7. c3 Bd6 8. Qxe4 Qf6 9. Nf3 0-0 10. 0-0 b6 11. Nxe5 c6 12. Nc4 Bc5 13. Qf4 Ba6 14. Qxf6 gxf6 15. Bh6 Rfe8 16. Nbd2 d5 17. Ne3 Bxf1 18. Kxf1 d4 19. Ng4 Be7 20. cxd4 c5 21. Ne4 f5 22. Nef6+ Kh8 23. Nxe8 Rxe8 24. Ne5 f6 25. Nf7+ Kg8 26. Nd6+ Kh8 27. Nxe8 cxd4 28. Bg7# 1-0